000 00444nam a2200181 4500
005 20260311125856.0
008 CUC123
020 _a9780030237898
050 _aHG 4028 SEI
_b1
100 _aSEITZ, NEIL
245 _aCAPITAL BUDGETING AND LONG-TERM FINANCIAL DECISIONS
250 _a3rd
260 _aAUSTRALIA
_bTHOMPSON
_c1999
300 _aXXI,870p
500 _acase problem, sub. index
700 _aELLISON, MITCH
942 _2lcc
_cBK
_n0
999 _c8922
_d8922